000 00720nam a2200217 a 4500
005 20240925064455.0
008 991125s1990 es 000 0 spa u
020 _a9688531685
035 _aUPN01000171477
049 _aCG
050 4 _aBF721
_bD6.58
100 1 _aDolto, Francoise,
_d1908-1988
245 1 0 _aNiño deseado, niño feliz :
_bdespués de leer a Francoise Dolto se encontrará más cerca de los niños /
_cFrancoise Dolto ; tr. Alfredo Báez.
260 _aMéxico :
_bPaidós,
_c1990.
300 _a182 p.
534 _pTraducción de:
_tLorsque l'enfant paraít
650 4 _aNiño, Estudio del
_9221
650 4 _aNiños
_xSalud e higiene
_94876
650 4 _aPadres e hijos
_91360
905 _aLibro
999 _c143582
_d143582